Контроль электризации диэлектрических материалов космического применения; Контроль. Диагностика; № 3
| Parent link: | Контроль. Диагностика.— , 1998- № 3.— 2012.— [С. 45-48] |
|---|---|
| 1. autor: | |
| Korporacja: | |
| Kolejni autorzy: | , |
| Streszczenie: | Заглавие с экрана Обоснована важность контроля электризации диэлектриков космического применения. Рассмотрены основные контролируемые параметры: удельное сопротивление, поверхностный потенциал, разрядные характеристики, и методы их контроля при проведении наземных испытаний на радиационную электризацию. Приведены основные характеристики построенного испытательного стенда для проведения радиационных испытаний и контроля электризации диэлектрических материалов. The significance of electrostatic testing of dielectrics for space is proved. Basic tested quantities, such as bulk resistivity, surface potential and discharge parameters, are observed. And ground testing methods of its radiation electrostatic charging are given. Main features of the new testing stand for radiation electrostatic charging of dielectrics are shown. Режим доступа: по договору с организацией-держателем ресурса |
| Język: | rosyjski |
| Wydane: |
2012
|
| Hasła przedmiotowe: | |
| Dostęp online: | http://elibrary.ru/item.asp?id=17567452 |
| Format: | Elektroniczne Rozdział |
| KOHA link: | https://koha.lib.tpu.ru/cgi-bin/koha/opac-detail.pl?biblionumber=647963 |
MARC
| LEADER | 00000naa0a2200000 4500 | ||
|---|---|---|---|
| 001 | 647963 | ||
| 005 | 20250218135738.0 | ||
| 035 | |a (RuTPU)RU\TPU\network\13120 | ||
| 090 | |a 647963 | ||
| 100 | |a 20160429d2012 k||y0rusy50 ca | ||
| 101 | 0 | |a rus | |
| 102 | |a RU | ||
| 135 | |a drcn ---uucaa | ||
| 181 | 0 | |a i | |
| 182 | 0 | |a b | |
| 200 | 1 | |a Контроль электризации диэлектрических материалов космического применения |d Electrostatic Testing of Dielectric Materials for Space Appliance |f А. А. Чигорко, Ю. А. Бежаев, А. А. Лукащук | |
| 203 | |a Текст |c электронный | ||
| 300 | |a Заглавие с экрана | ||
| 320 | |a [Библиогр.: с. 48 (3 назв.)] | ||
| 330 | |a Обоснована важность контроля электризации диэлектриков космического применения. Рассмотрены основные контролируемые параметры: удельное сопротивление, поверхностный потенциал, разрядные характеристики, и методы их контроля при проведении наземных испытаний на радиационную электризацию. Приведены основные характеристики построенного испытательного стенда для проведения радиационных испытаний и контроля электризации диэлектрических материалов. | ||
| 330 | |a The significance of electrostatic testing of dielectrics for space is proved. Basic tested quantities, such as bulk resistivity, surface potential and discharge parameters, are observed. And ground testing methods of its radiation electrostatic charging are given. Main features of the new testing stand for radiation electrostatic charging of dielectrics are shown. | ||
| 333 | |a Режим доступа: по договору с организацией-держателем ресурса | ||
| 461 | |t Контроль. Диагностика |d 1998- | ||
| 463 | |t № 3 |v [С. 45-48] |d 2012 | ||
| 510 | 1 | |a Electrostatic Testing of Dielectric Materials for Space Appliance |z eng | |
| 610 | 1 | |a электронный ресурс | |
| 610 | 1 | |a труды учёных ТПУ | |
| 610 | 1 | |a электризация | |
| 610 | 1 | |a контроль | |
| 610 | 1 | |a диэлектрики | |
| 610 | 1 | |a космические аппараты | |
| 610 | 1 | |a электростатический заряд | |
| 700 | 1 | |a Чигорко |b А. А. |c специалист в области неразрушающего контроля |c научный сотрудник Томского политехнического университета |f 1984- |g Антон Александрович |3 (RuTPU)RU\TPU\pers\31025 |9 15255 | |
| 701 | 1 | |a Бежаев |b Ю. А. |c физик |c ведущий инженер Томского политехнического университета |f 1963- |g Юрий Алексеевич |3 (RuTPU)RU\TPU\pers\34897 |9 18215 | |
| 701 | 1 | |a Лукащук |b А. А. |c физик |c ведущий инженер Томского политехнического университета |f 1966- |g Андрей Александрович |3 (RuTPU)RU\TPU\pers\34898 |9 18216 | |
| 712 | 0 | 2 | |a Национальный исследовательский Томский политехнический университет |b Институт неразрушающего контроля |3 (RuTPU)RU\TPU\col\17851 |9 26806 |
| 801 | 2 | |a RU |b 63413507 |c 20160429 |g RCR | |
| 856 | 4 | |u http://elibrary.ru/item.asp?id=17567452 | |
| 942 | |c CF | ||